000 01506nam a2200373 a 4500
001 dia_5577
003 CHAP
005 20250820111443.0
007 ta
008 220601s1994 mx a f 001 0 spa d
040 _amxchpua
090 _aT.C.184
_bS26 IAI
_c1994
245 1 0 _aReporte del viaje de estudios a la región del Bajo Papaloapan, Veracruz /
_ccoordinador Víctor Sánchez Peña y Mario García Betancourt ; colaborador Oscar Carpanta Mata...[et al.]
260 _aMéxico :
_bEl autor
_c1994
300 _a71 hojas :
_bilustraciones, tablas, diagramas
336 _2rdacontent
_atexto
_btxt
337 _2rdamedia
_asin medio
_bn
338 _2rdacarrier
_avolumen
_bnc
500 _aGrado : 5° año
502 _aViaje de Estudios
_b(IAI) --
_cUACh. Departamento de Ingeniería Agroindustrial,
_d1994
505 _aVisitas -- 1. Empacadora Dos Rios -- 2.COASIA \ 3.Empacadora los Tigres -- 3.Empacadora Los tigres -- 4.VALPAC -- 5.Tropi - Fruc -- 6. Productos Santa Monica -- 7.Productos Loma Bonita
650 1 7 _aPiña (Ananas comosus)
_2
_988387
650 1 3 _aSandía
_9102056
650 1 3 _aChile (Botánica)
_922341
650 1 3 _aPineapples
_9156404
650 1 3 _aWatermelons
_9152879
700 1 _aSánchez Peña, José Víctor
_9107749
_ecoordinador
700 1 _aCarpanta Mata, Oscar
_ecolaborador
_919272
901 _aT.C.184 S26 IAI 1994
902 _aM
905 _a5332271994 mx ni 8223123322spa16
942 _2local
942 _cVE
999 _c209600
_d209600